000 00389cam a22001571 4500
040 _cDLC
082 0 0 _a581 HIL 1964 A106 Or.
100 1 _aLeopold, A. Carl
245 1 0 _aPlant growth and development
260 _aNew York,
_bMcGraw-Hill
_c[1964]
300 _axi, 466 p.
_billus.
_c24 cm.
650 0 _aGrowth (Plants)
650 0 _aPlants
650 0 _aPlant physiology.
942 _cEK
999 _c16930
_d16930